Responses for Show #4060 - Friday, April 5, 2002

Contestants

[<< previous game]

Carol Schlau, a newspaper copy editor from Buffalo, New York

Manoj Mate, an attorney from San Francisco, California

Bill Alston, an accountant from Durham, North Carolina (whose 2-day cash winnings total $53,400)

[next game >>]

Jeopardy! Round responses

DOWN IN THE VALLEY
ENTERTAINMENT FIRSTS
NOT A POPE
(Alex: You have to ID which one is [*] in the lists I will give you.)
(Alex: And then, for less-than-intelligent humans we have...)
THE DARWIN AWARDS
CHARLES IN CHARGE
ENU"FF" ALREADY!
    $200 10
San Fernando Valley

Manoj
    $200 13
(Bill: Who is George Harrison?)

John Lennon

Bill
Triple Stumper
    $200 18
Stigma III

Manoj
    $200 19
(Alex: Not just [*], he didn't have 8 of them, no.)

his bed sheets

Carol
    $200 2
the moon

Triple Stumper
    $200 1
the sheriff

Manoj
    $400 11
Sun Valley

Bill
    $400 14
The Wiz

Bill
    $400 27
Rocius II

Bill
    $400 20
Michigan

Manoj
    $400 3
Charles Lindbergh

Bill
    $400 4
cuff

Manoj
    $600 24
Squaw Valley

Manoj
    $600 15
All in the Family

Bill
    $600 28
Sixtus VI

Manoj
    $600 21
heroin

Manoj
    $600 5
Charles Schulz

Bill
    $600 6
a staff

Carol
    $800 25
(Carol: What is the Nile Valley?)

the Great Rift Valley

Carol
Triple Stumper
    $800 16
The Messiah

Carol
    $800 29
[The end-of-round signal sounds.]

Visage III

Triple Stumper
    $800 22
a candle

Carol
    $800 8
Charles de Gaulle

Manoj
    $800 7
bluff

Manoj
    $1000 26
the Hudson River Valley

Bill
    $1000 17
Captain Blood

Bill
    $1000 23
(Carol: What is...)
(Alex: Say it.)
(Carol: Battering?)
(Alex: No, I don't know what battering means in this context.)
---
(Alex: Leave it to the French. He moved the car by [*] it. [Alex acts out a couple of headbutts.] Carol, go again. Minute to go.)

headbutting

Carol
Triple Stumper
    $1000 9
Charles MacArthur

Triple Stumper
    $1000 12
a tariff

Carol

Scores at the first commercial break (after clue 15):

Bill Manoj Carol
$2,200 $2,400 $1,600

Scores at the end of the Jeopardy! Round:

Bill Manoj Carol
$4,600 $4,800 $1,600

Double Jeopardy! Round responses

UNUSUAL ANIMALS
(Alex: We're not talking about the Darwin Awards on this one.)
THEIR LAST TOP 10 HIT
ROYALTY
DECIMAL NUMBER, PLEASE
"ON" WORKS FOR ME
OFF THE CLOCK
    $400 10
(Manoj: What is the iguana?)

a komodo dragon

Manoj
Triple Stumper
    $400 6
The Village People

Carol
    $400 23
Ferdinand & Isabella

Bill
    $400 15
1.5

Triple Stumper
    $400 1
On Her Majesty's Secret Service

Carol
    $400 14
a recess

Carol
    $800 11
caiman

Manoj
    $800 7
Chuck Berry

Bill
    $800 24
(Manoj: Who is Louis the...14th? [Buzzer sounds.])
(Alex: Too much time.
(Bill: Who is [*]?)
(Alex: You got Louis out, but not the number in time, Manoj.)
---
[Note: The buzzer clearly sounds after Manoj says "14th".]

Louis XIV

BillManoj
    $800 16
3.0

Carol
    $800 2
On Golden Pond

Bill
    $800 21
Holiday

Manoj
    $1200 12
the honey bear

Triple Stumper
    $1200 8
The Doors

Bill
    $1200 25
Duncan

Carol
    $1200 17
6.0

Bill
    $1,600 3
On the Road & "On The Road Again"

Bill
    $1200 22
a timeout

Bill
    $1600 13
the meerkat

Triple Stumper
    $1600 9
The B-52s

Manoj
    $1,400 29
[The end-of-round signal sounds.]

(Prince) Philip

Manoj
    $1600 18
(Alex: Yes, the Colt [*]s.)

.45

Bill
    $1600 4
On War

Triple Stumper
    $1600 26
(Alex: We have less than a minute.)

a rest

Bill
    $2000 28
a okapi

Manoj
    $2000 20
ABBA

Bill
    $2000 19
5.6

Triple Stumper
    $2000 5
(Alex: We could listen to it forever, but it's called [*], not just "The Blue Danube Waltz".)

"On The Beautiful Blue Danube"

Triple Stumper
    $2000 27
sabbatical

Manoj

Scores at the end of the Double Jeopardy! Round:

Bill Manoj Carol
$17,800 $12,200 $4,800

[wagering suggestions for these scores]

Final Jeopardy! Round responses

AUTHORS
(Alex: [After revealing Carol's response] Anna Karenina threw herself in front of a train, and [*] died at a train station.)
...
(Alex: [After revealing Bill's response] Thinking probably of Madame Bovary.)
CarolWho is Tolstoy?
$4,799
ManojWho Dostoevsky
$7,598
BillWho is Flaubert?
$17,800
Tolstoy

Final scores:

Bill Manoj Carol
$0 $4,602 $9,599
3rd place: trip for 2 to Florida's Space Coast 2nd place: trip for 2 to the French West Indies New champion: $9,599

Game dynamics:

Coryat scores:

Bill Manoj Carol
$17,400 $12,400 $4,800
19 R
(including 1 DD),
1 W
16 R
(including 2 DDs),
2 W
10 R,
2 W

Combined Coryat: $34,600

[game clues] [game scores] [suggest correction]

Game tape date: 2002-01-08
The J! Archive is created by fans, for fans. Scraping, republication, monetization, and malicious use prohibited; this site may use cookies and collect identifying information. See terms. The Jeopardy! game show and all elements thereof, including but not limited to copyright and trademark thereto, are the property of Jeopardy Productions, Inc. and are protected under law. This website is not affiliated with, sponsored by, or operated by Jeopardy Productions, Inc. Join the discussion at JBoard.tv.